|
|
|
|
| LEADER |
00000nab a2200000 a 4500 |
| 001 |
vtls009350094 |
| 003 |
SK-MaSNL |
| 005 |
20260303232244.0 |
| 008 |
081020c2008 xo r m 000 00slo |
| 015 |
|
|
|a SNBRA2008/10SVKPO
|
| 038 |
|
|
|a SVKPO
|
| 040 |
|
|
|a SVKPOCL
|c slo
|e AACR2
|
| 041 |
0 |
|
|a slo
|
| 044 |
|
|
|a xo
|c SK
|
| 080 |
|
|
|a 81
|2 2001
|
| 080 |
|
|
|a 82-1
|2 2001
|
| 080 |
|
|
|a 81 ’255.4
|2 2001
|
| 080 |
|
|
|a (0:82-4)
|2 2001
|
| 100 |
1 |
|
|a Repka, Angela,
|d 1948-
|4 aut
|9 117471
|
| 245 |
1 |
0 |
|a Dva jazyky, jedna báseň
|b (záznamy jednej prekladateľky)
|c Angela Repka
|
| 500 |
|
|
|a Informácie o autorke
|
| 650 |
0 |
7 |
|a poézia
|2 svkpocl
|9 1274
|
| 650 |
0 |
7 |
|a literárny preklad
|2 svkpocl
|9 28595
|
| 655 |
|
7 |
|a eseje
|2 svkpocl
|9 57030
|
| 773 |
0 |
|
|t Jedna báseň, dva jazyky
|d Prešov : Prešovská univerzita, Filozofická fakulta, 2008
|g S. 13-15
|z 9788080686963
|
| 852 |
|
|
|a SVKPO
|b KIS3GCP
|
| 958 |
|
|
|a SK
|
| 958 |
|
|
|a NB
|
| 958 |
|
|
|a LX
|
| 999 |
|
|
|c 2270950
|d 2272880
|